000 00466nam a2200169Ia 4500
008 180921t2017 xxu||||| |||| 00| 0 sin d
041 _asin
080 _a294.
_bDHA
100 _aDhammathilake Himi, Palanawaththe
245 _aථේරවාද බෞද්ධ දර්ශනය
246 _aTherawada Baudda Darshanaya
260 _bGodage
_aColombo
_c2017
300 _b192p, 21cm
942 _cBK
999 _c1342
_d1342
003 LK-CoDNM
040 _aLK-CoDNM
_dLK-CoDNM
_eLK-CoDNM